Elementos de matemática, 1
Gardado en:
| Autor Principal: | |
|---|---|
| Formato: | Libro |
| Idioma: | Lingua castelá |
| Publicado: |
Valparaíso, Chile:
Universidad Católica de Valparaíso,
2000.
|
| Subjects: | |
| Tags: |
Engadir etiqueta
Sen Etiquetas, Sexa o primeiro en etiquetar este rexistro!
|
MARC
| LEADER | 00000nam a2200000 a 4500 | ||
|---|---|---|---|
| 001 | UCP9155 | ||
| 003 | CL-VaPUC | ||
| 005 | 20240819115756.0 | ||
| 008 | 000317e20000000CL |||||||||||||||||spa|d | ||
| 999 | |c 286001 |d 285999 | ||
| 040 | |c Pontificia Universidad Católica de Valparaíso | ||
| 082 | 0 | 4 | |a 511.3 MEN 2000 |2 21 |
| 100 | |a Mena Lorca, Arturo |e autor |9 775862 | ||
| 245 | 1 | 0 | |a Elementos de matemática, 1 |
| 260 | |a Valparaíso, Chile: |b Universidad Católica de Valparaíso, |c 2000. | ||
| 300 | |a 120 páginas. | ||
| 583 | |a last modification |c 20000317 00:00:00 |k Rodrigo Vera | ||
| 650 | 0 | |a Conjuntos |9 342214 | |
| 650 | 0 | |a Ecuaciones |9 260137 | |
| 650 | 7 | |a INECUACIONES |2 CL-VaPUC |9 359706 | |
| 650 | 0 | |a Lógica matemática |9 262442 | |
| 650 | 0 | |a Lógica proposicional |9 421893 | |
| 650 | 0 | |a Matemática |9 260235 | |
| 650 | 0 | |a Trigonometría |9 259568 | |
| 942 | |c BK |2 ddc | ||
| 945 | |d 20000317 00:00:00 |a vberengu | ||
| 952 | |0 0 |1 0 |4 0 |6 511_300000000000000_MEN_2000 |7 0 |8 A |9 331088 |a BIBING |b BIBING |d 2019-11-20 |i 360179K |o 511.3 MEN 2000 |p 360179K |r 2025-01-20 |w 2019-11-20 |y BK |k ING | ||
| 952 | |0 0 |1 0 |4 0 |6 511_300000000000000_MEN_2000 |7 0 |8 A |9 331089 |a BIBING |b BIBING |d 2019-11-20 |i 3601803 |o 511.3 MEN 2000 |p 3601803 |r 2025-01-20 |w 2019-11-20 |y BK |k ING | ||
| 952 | |0 0 |1 0 |4 0 |6 511_300000000000000_MEN_2000 |7 0 |8 A |9 331090 |a BIBING |b BIBING |d 2019-11-20 |i 3601811 |o 511.3 MEN 2000 |p 3601811 |r 2025-01-20 |w 2019-11-20 |y BK |k ING | ||
| 952 | |0 0 |1 0 |4 0 |6 511_300000000000000_MEN_2000 |7 0 |8 A |9 331091 |a BIBING |b BIBING |d 2019-11-20 |i 360182K |o 511.3 MEN 2000 |p 360182K |r 2025-01-20 |w 2019-11-20 |y BK |k ING | ||
| 952 | |0 0 |1 0 |4 0 |6 511_300000000000000_MEN_2000 |7 0 |8 A |9 331093 |a BIBING |b BIBING |d 2019-11-20 |i 3601846 |l 1 |o 511.3 MEN 2000 |p 3601846 |r 2025-01-20 |s 2023-03-08 |w 2019-11-20 |y BK |k ING | ||
| 952 | |0 0 |1 0 |4 0 |6 511_300000000000000_MEN_2000 |7 0 |8 A |9 331094 |a BIBING |b BIBING |d 2019-11-20 |i 3601854 |l 1 |o 511.3 MEN 2000 |p 3601854 |r 2025-01-20 |s 2023-04-25 |w 2019-11-20 |y BK |k ING | ||
| 952 | |0 0 |1 0 |4 0 |6 511_300000000000000_MEN_2000 |7 0 |8 A |9 331095 |a BIBING |b BIBING |d 2019-11-20 |i 3601862 |l 1 |o 511.3 MEN 2000 |p 3601862 |r 2025-03-20 |s 2025-03-13 |w 2019-11-20 |y BK |k ING | ||
| 952 | |0 0 |1 0 |4 0 |6 511_300000000000000_MEN_2000 |7 0 |8 A |9 331096 |a BIBING |b BIBING |d 2019-11-20 |i 3601870 |l 1 |o 511.3 MEN 2000 |p 3601870 |r 2025-01-20 |s 2023-03-08 |w 2019-11-20 |y BK |k ING | ||
| 952 | |0 0 |1 0 |4 0 |6 511_300000000000000_MEN_2000 |7 0 |8 A |9 331097 |a BIBING |b BIBING |d 2019-11-20 |i 3601889 |o 511.3 MEN 2000 |p 3601889 |r 2025-01-20 |w 2019-11-20 |y BK |k ING | ||
| 952 | |0 0 |1 0 |4 0 |6 511_300000000000000_MEN_2000 |7 0 |8 A |9 331098 |a BIBING |b BIBING |d 2019-11-20 |i 3601897 |o 511.3 MEN 2000 |p 3601897 |r 2025-01-20 |w 2019-11-20 |y BK |k ING | ||
| 952 | |0 0 |1 0 |4 0 |6 511_300000000000000_MEN_2000 |7 0 |8 A |9 331099 |a BIBING |b BIBING |d 2019-11-20 |i 3601900 |o 511.3 MEN 2000 |p 3601900 |r 2025-01-20 |w 2019-11-20 |y BK |k ING | ||
| 952 | |0 0 |1 0 |4 0 |6 511_300000000000000_MEN_2000 |7 0 |8 A |9 331100 |a BIBING |b BIBING |d 2019-11-20 |i 3601919 |o 511.3 MEN 2000 |p 3601919 |r 2025-01-20 |w 2019-11-20 |y BK |k ING | ||
| 952 | |0 0 |1 0 |4 0 |6 511_300000000000000_MEN_2000 |7 0 |8 A |9 331101 |a BIBING |b BIBING |d 2019-11-20 |i 3601927 |l 3 |m 2 |o 511.3 MEN 2000 |p 3601927 |r 2025-01-20 |s 2024-05-13 |w 2019-11-20 |y BK |k ING | ||
| 952 | |0 0 |1 0 |4 0 |6 511_300000000000000_MEN_2000 |7 0 |8 A |9 331102 |a BIBING |b BIBING |d 2019-11-20 |i 3601935 |o 511.3 MEN 2000 |p 3601935 |r 2025-01-20 |w 2019-11-20 |y BK |k ING | ||
| 952 | |0 0 |1 0 |2 ddc |4 0 |6 511_300000000000000_MEN_2000 |7 0 |8 A |9 331103 |a BIBING |b BIBING |d 2019-11-20 |i 3601943 |o 511.3 MEN 2000 |p 3601943 |r 2025-01-20 |w 2019-11-20 |y BK |k ING | ||
| 952 | |0 0 |1 0 |2 ddc |4 0 |6 511_300000000000000_MEN_2000 |7 0 |8 A |9 331104 |a BIBING |b BIBING |d 2019-11-20 |i 3601951 |o 511.3 MEN 2000 |p 3601951 |r 2025-01-20 |w 2019-11-20 |y BK |k BCB | ||
| 952 | |0 0 |1 0 |2 ddc |4 0 |6 511_300000000000000_MEN_2000 |7 0 |8 A |9 331105 |a BIBING |b BIBING |d 2019-11-20 |i 360196K |o 511.3 MEN 2000 |p 360196K |r 2025-01-20 |w 2019-11-20 |y BK |k ING | ||
| 952 | |0 0 |1 0 |2 ddc |4 0 |6 511_300000000000000_MEN_2000 |7 0 |8 A |9 331106 |a BIBING |b BIBING |d 2019-11-20 |i 3601978 |o 511.3 MEN 2000 |p 3601978 |r 2025-01-20 |w 2019-11-20 |y BK |k ING | ||
| 952 | |0 0 |1 0 |2 ddc |4 0 |6 511_300000000000000_MEN_2000 |7 0 |8 A |9 331108 |a BIBING |b BIBING |d 2019-11-20 |i 3601994 |o 511.3 MEN 2000 |p 3601994 |r 2025-01-20 |w 2019-11-20 |y BK |k ING | ||
| 952 | |0 0 |1 0 |2 ddc |4 0 |6 511_300000000000000_MEN_2000 |7 0 |8 A |9 331109 |a BIBING |b BIBING |d 2019-11-20 |i 3602001 |l 1 |o 511.3 MEN 2000 |p 3602001 |r 2025-01-20 |s 2023-03-08 |w 2019-11-20 |y BK |k ING | ||
| 952 | |0 0 |1 0 |2 ddc |4 0 |6 511_300000000000000_MEN_2000 |7 0 |8 A |9 331110 |a BIBING |b BIBING |d 2019-11-20 |i 360201K |o 511.3 MEN 2000 |p 360201K |r 2025-01-20 |w 2019-11-20 |y BK |k ING | ||
| 952 | |0 0 |1 0 |2 ddc |4 0 |6 511_300000000000000_MEN_2000 |7 0 |8 A |9 331111 |a BIBING |b BIBING |d 2019-11-20 |i 3602028 |o 511.3 MEN 2000 |p 3602028 |r 2025-01-20 |w 2019-11-20 |y BK |k ING | ||
| 952 | |0 0 |1 0 |2 ddc |4 0 |6 511_300000000000000_MEN_2000 |7 0 |8 A |9 331112 |a BIBING |b BIBING |d 2019-11-20 |i 3602036 |o 511.3 MEN 2000 |p 3602036 |r 2025-01-20 |w 2019-11-20 |y BK |k ING | ||
| 952 | |0 0 |1 0 |2 ddc |4 0 |6 511_300000000000000_MEN_2000 |7 0 |8 A |9 331113 |a BIBING |b BIBING |d 2019-11-20 |i 3602044 |o 511.3 MEN 2000 |p 3602044 |r 2025-01-20 |w 2019-11-20 |y BK |k ING | ||
| 952 | |0 0 |1 0 |2 ddc |4 0 |6 511_300000000000000_MEN_2000 |7 0 |8 A |9 331114 |a BIBING |b BIBING |d 2019-11-20 |i 3602052 |o 511.3 MEN 2000 |p 3602052 |r 2025-01-20 |w 2019-11-20 |y BK |k ING | ||
| 952 | |0 0 |1 0 |2 ddc |4 0 |6 511_300000000000000_MEN_2000 |7 0 |8 A |9 331115 |a BIBING |b BIBING |d 2019-11-20 |i 3602060 |o 511.3 MEN 2000 |p 3602060 |r 2025-01-20 |w 2019-11-20 |y BK |k ING | ||
| 952 | |0 0 |1 0 |2 ddc |4 0 |6 511_300000000000000_MEN_2000 |7 0 |8 A |9 331116 |a BIBING |b BIBING |d 2019-11-20 |i 3602079 |o 511.3 MEN 2000 |p 3602079 |r 2025-01-20 |w 2019-11-20 |y BK |k ING | ||
| 952 | |0 0 |1 0 |2 ddc |4 0 |6 511_300000000000000_MEN_2000 |7 0 |8 A |9 331117 |a BIBING |b BIBING |d 2019-11-20 |i 3602087 |o 511.3 MEN 2000 |p 3602087 |r 2025-01-20 |w 2019-11-20 |y BK |k ING | ||
| 952 | |0 0 |1 0 |2 ddc |4 0 |6 511_300000000000000_MEN_2000 |7 0 |8 A |9 331118 |a BIBING |b BIBING |d 2019-11-20 |i 3602095 |o 511.3 MEN 2000 |p 3602095 |r 2025-01-20 |w 2019-11-20 |y BK |k ING | ||
| 952 | |0 0 |1 0 |2 ddc |4 0 |6 511_300000000000000_MEN_2000 |7 0 |8 A |9 331119 |a BIBING |b BIBING |d 2019-11-20 |i 3602109 |o 511.3 MEN 2000 |p 3602109 |r 2025-01-20 |w 2019-11-20 |y BK |k ING | ||
| 952 | |0 0 |1 0 |2 ddc |4 0 |6 511_300000000000000_MEN_2000 |7 0 |8 A |9 331120 |a BIBING |b BIBING |d 2019-11-20 |i 3602117 |o 511.3 MEN 2000 |p 3602117 |r 2025-01-20 |w 2019-11-20 |y BK |k BCB | ||
| 952 | |0 0 |1 0 |2 ddc |4 0 |6 511_300000000000000_MEN_2000 |7 0 |8 A |9 331121 |a BIBING |b BIBING |d 2019-11-20 |i 3602125 |o 511.3 MEN 2000 |p 3602125 |r 2025-01-20 |w 2019-11-20 |y BK |k ING | ||
| 952 | |0 0 |1 0 |2 ddc |4 0 |6 511_300000000000000_MEN_2000 |7 0 |8 A |9 331122 |a BIBING |b BIBING |d 2019-11-20 |i 3602133 |o 511.3 MEN 2000 |p 3602133 |r 2025-01-20 |w 2019-11-20 |y BK |k ING | ||
| 952 | |0 0 |1 0 |2 ddc |4 0 |6 511_300000000000000_MEN_2000 |7 0 |8 A |9 331123 |a BIBING |b BIBING |d 2019-11-20 |i 3602141 |o 511.3 MEN 2000 |p 3602141 |r 2025-01-20 |w 2019-11-20 |y BK |k ING | ||
| 952 | |0 0 |1 0 |2 ddc |4 0 |6 511_300000000000000_MEN_2000 |7 0 |8 A |9 331124 |a BIBING |b BIBING |d 2019-11-20 |i 360215K |o 511.3 MEN 2000 |p 360215K |r 2025-01-20 |w 2019-11-20 |y BK |k ING | ||
| 952 | |0 0 |1 0 |2 ddc |4 0 |6 511_300000000000000_MEN_2000 |7 0 |8 A |9 331125 |a BIBING |b BIBING |d 2019-11-20 |i 3602168 |o 511.3 MEN 2000 |p 3602168 |r 2025-01-20 |w 2019-11-20 |y BK |k ING | ||
| 952 | |0 0 |1 0 |2 ddc |4 0 |6 511_300000000000000_MEN_2000 |7 0 |8 A |9 331126 |a BIBING |b BIBING |d 2019-11-20 |i 3602176 |o 511.3 MEN 2000 |p 3602176 |r 2025-01-20 |w 2019-11-20 |y BK |k ING | ||
| 952 | |0 0 |1 0 |2 ddc |4 0 |6 511_300000000000000_MEN_2000 |7 0 |8 A |9 331127 |a BIBING |b BIBING |d 2019-11-20 |i 3602184 |o 511.3 MEN 2000 |p 3602184 |r 2025-01-20 |w 2019-11-20 |y BK |k ING | ||
| 952 | |0 0 |1 0 |2 ddc |4 0 |6 511_300000000000000_MEN_2000 |7 0 |8 A |9 331128 |a BIBING |b BIBING |d 2019-11-20 |i 3602192 |o 511.3 MEN 2000 |p 3602192 |r 2025-01-20 |w 2019-11-20 |y BK |k ING | ||
| 952 | |0 0 |1 0 |2 ddc |4 0 |6 511_300000000000000_MEN_2000 |7 0 |8 A |9 331129 |a BIBING |b BIBING |d 2019-11-20 |i 3602206 |o 511.3 MEN 2000 |p 3602206 |r 2025-01-20 |w 2019-11-20 |y BK |k ING | ||
| 952 | |0 0 |1 0 |2 ddc |4 0 |6 511_300000000000000_MEN_2000 |7 0 |8 A |9 331130 |a BIBING |b BIBING |d 2019-11-20 |i 3602214 |o 511.3 MEN 2000 |p 3602214 |r 2025-01-20 |w 2019-11-20 |y BK |k ING | ||
| 952 | |0 0 |1 0 |2 ddc |4 0 |6 511_300000000000000_MEN_2000 |7 0 |8 A |9 331131 |a BIBING |b BIBING |d 2019-11-20 |i 3602222 |o 511.3 MEN 2000 |p 3602222 |r 2025-01-20 |w 2019-11-20 |y BK |k ING | ||
| 952 | |0 0 |1 0 |2 ddc |4 0 |6 511_300000000000000_MEN_2000 |7 0 |8 A |9 331133 |a BIBING |b BIBING |d 2019-11-20 |i 3602249 |o 511.3 MEN 2000 |p 3602249 |r 2025-01-20 |w 2019-11-20 |y BK |k ING | ||
| 952 | |0 0 |1 0 |2 ddc |4 0 |6 511_300000000000000_MEN_2000 |7 0 |8 A |9 331134 |a BIBING |b BIBING |d 2019-11-20 |i 3602257 |o 511.3 MEN 2000 |p 3602257 |r 2025-01-20 |w 2019-11-20 |y BK |k ING | ||
| 952 | |0 0 |1 0 |2 ddc |4 0 |6 511_300000000000000_MEN_2000 |7 0 |8 A |9 331135 |a BIBING |b BIBING |d 2019-11-20 |i 3602265 |o 511.3 MEN 2000 |p 3602265 |r 2025-01-20 |w 2019-11-20 |y BK |k ING | ||
| 952 | |0 0 |1 0 |2 ddc |4 0 |6 511_300000000000000_MEN_2000 |7 0 |8 A |9 331136 |a BIBING |b BIBING |d 2019-11-20 |i 3602273 |o 511.3 MEN 2000 |p 3602273 |r 2025-01-20 |w 2019-11-20 |y BK |k ING | ||
| 952 | |0 0 |1 0 |2 ddc |4 0 |6 511_300000000000000_MEN_2000 |7 0 |8 A |9 331137 |a BIBING |b BIBING |d 2019-11-20 |i 3602281 |o 511.3 MEN 2000 |p 3602281 |r 2025-01-20 |w 2019-11-20 |y BK |k ING | ||
| 952 | |0 0 |1 0 |2 ddc |4 0 |6 511_300000000000000_MEN_2000 |7 0 |8 A |9 331138 |a BIBING |b BIBING |d 2019-11-20 |i 360229K |o 511.3 MEN 2000 |p 360229K |r 2025-01-20 |w 2019-11-20 |y BK |k ING | ||
| 952 | |0 0 |1 0 |2 ddc |4 0 |6 511_300000000000000_MEN_2000 |7 0 |8 A |9 331139 |a BIBING |b BIBING |d 2019-11-20 |i 3602303 |o 511.3 MEN 2000 |p 3602303 |r 2025-01-20 |w 2019-11-20 |y BK |k ING | ||
| 952 | |0 0 |1 0 |2 ddc |4 0 |6 511_300000000000000_MEN_2000 |7 0 |8 A |9 331140 |a BIBING |b BIBING |d 2019-11-20 |i 3602311 |o 511.3 MEN 2000 |p 3602311 |r 2025-01-20 |w 2019-11-20 |y BK |k ING | ||
| 952 | |0 0 |1 0 |2 ddc |4 0 |6 511_300000000000000_MEN_2000 |7 0 |8 A |9 331141 |a BIBING |b BIBING |d 2019-11-20 |i 360232K |o 511.3 MEN 2000 |p 360232K |r 2025-01-20 |w 2019-11-20 |y BK |k ING | ||
| 952 | |0 0 |1 0 |2 ddc |4 0 |6 511_300000000000000_MEN_2000 |7 0 |8 A |9 331142 |a BIBING |b BIBING |d 2019-11-20 |i 3602338 |o 511.3 MEN 2000 |p 3602338 |r 2025-01-20 |w 2019-11-20 |y BK |k ING | ||
| 952 | |0 0 |1 0 |4 0 |6 511_300000000000000_MEN_2000 |7 0 |8 A |9 331149 |a BIBING |b BIBING |d 2019-11-20 |i 3602400 |o 511.3 MEN 2000 |p 3602400 |r 2023-03-02 |w 2019-11-20 |y BK |k ING | ||
| 952 | |0 0 |1 0 |4 0 |6 511_300000000000000_MEN_2000 |7 0 |8 A |9 331150 |a BIBING |b BIBING |d 2019-11-20 |i 3602419 |o 511.3 MEN 2000 |p 3602419 |r 2023-03-02 |w 2019-11-20 |y BK |k ING | ||
| 952 | |0 0 |1 0 |4 0 |6 511_300000000000000_MEN_2000 |7 0 |8 A |9 331159 |a BIBING |b BIBING |d 2019-11-20 |i 3602508 |o 511.3 MEN 2000 |p 3602508 |r 2025-01-20 |w 2019-11-20 |y BK |k ING | ||
| 952 | |0 0 |1 0 |4 0 |6 511_300000000000000_MEN_2000 |7 0 |8 A |9 331166 |a BIBING |b BIBING |d 2019-11-20 |i 3602575 |o 511.3 MEN 2000 |p 3602575 |r 2025-01-20 |w 2019-11-20 |y BK |k ING | ||
| 952 | |0 0 |1 0 |4 0 |6 511_300000000000000_MEN_2000 |7 0 |8 A |9 331168 |a BIBING |b BIBING |d 2019-11-20 |i 3602591 |o 511.3 MEN 2000 |p 3602591 |r 2023-03-02 |w 2019-11-20 |y BK |k ING | ||
| 952 | |0 0 |1 0 |4 0 |6 511_300000000000000_MEN_2000 |7 0 |8 A |9 331202 |a BIBING |b BIBING |d 2019-11-20 |i 3621413 |o 511.3 MEN 2000 |p 3621413 |r 2025-01-20 |w 2019-11-20 |y BK |k ING | ||
| 952 | |0 0 |1 0 |4 0 |6 511_300000000000000_MEN_2000 |7 0 |8 A |9 331203 |a BIBING |b BIBING |d 2019-11-20 |i 3646068 |o 511.3 MEN 2000 |p 3646068 |r 2025-01-20 |w 2019-11-20 |y BK |k ING | ||
| 952 | |0 0 |1 0 |4 0 |6 511_300000000000000_MEN_2000 |7 0 |8 A |9 331204 |a BIBING |b BIBING |d 2019-11-20 |i 3646076 |o 511.3 MEN 2000 |p 3646076 |r 2025-01-20 |w 2019-11-20 |y BK |k ING | ||